Statistics for NBA Top Scorers Per Date - Happy Christmas !

Click here to take the quiz!

General Stats

  • This quiz has been taken 91 times
    (27 since last reset)
  • The average score is 18 of 26

Answer Stats

Player% Correct
Jayson Tatum
100%
Luka Dončić
100%
Anthony Davis
96%
Jerry West
96%
Kevin Durant
96%
Michael Jordan
96%
Nikola Jokić
96%
Dwyane Wade
93%
James Harden
93%
Kobe Bryant
93%
Wilt Chamberlain
89%
Dominique Wilkins
85%
Elgin Baylor
85%
Tracy McGrady
85%
Kyrie Irving
78%
Brandon Roy
74%
Bernard King
70%
Oscar Robertson
52%
Rick Barry
44%
Billy Cunningham
37%
Bob Love
33%
Tom Heinsohn
26%
Richie Guerin
15%
Walt Bellamy
15%
Bob Boozer
4%
Don Ohl
0%

Score Distribution

Percentile by Number Answered

Percent of People with Each Score

Your Score History

You have not taken this quiz since the last reset